<?xml version="1.0" encoding="UTF-8"?><?xml-stylesheet type="text/xsl" href="static/style.xsl"?><OAI-PMH xmlns="http://www.openarchives.org/OAI/2.0/" xmlns:xsi="http://www.w3.org/2001/XMLSchema-instance" xsi:schemaLocation="http://www.openarchives.org/OAI/2.0/ http://www.openarchives.org/OAI/2.0/OAI-PMH.xsd"><responseDate>2026-04-13T02:51:23Z</responseDate><request verb="GetRecord" identifier="oai:www.recercat.cat:2072/422622" metadataPrefix="marc">https://recercat.cat/oai/request</request><GetRecord><record><header><identifier>oai:recercat.cat:2072/422622</identifier><datestamp>2025-03-20T21:04:22Z</datestamp><setSpec>com_2072_98</setSpec><setSpec>col_2072_378196</setSpec></header><metadata><record xmlns="http://www.loc.gov/MARC21/slim" xmlns:dcterms="http://purl.org/dc/terms/" xmlns:xsi="http://www.w3.org/2001/XMLSchema-instance" xmlns:doc="http://www.lyncode.com/xoai" xsi:schemaLocation="http://www.loc.gov/MARC21/slim http://www.loc.gov/standards/marcxml/schema/MARC21slim.xsd">
   <leader>00925njm 22002777a 4500</leader>
   <datafield ind2=" " ind1=" " tag="042">
      <subfield code="a">dc</subfield>
   </datafield>
   <datafield ind2=" " ind1=" " tag="720">
      <subfield code="a">Ortiz Carrillo, Irene</subfield>
      <subfield code="e">author</subfield>
   </datafield>
   <datafield ind2=" " ind1=" " tag="720">
      <subfield code="a">Universitat Autònoma de Barcelona. Departament de Didàctica de la Llengua i la Literatura i de les Ciències Socials</subfield>
      <subfield code="e">author</subfield>
   </datafield>
   <datafield ind2=" " ind1=" " tag="720">
      <subfield code="a">Universitat Autònoma de Barcelona. Facultat de Ciències de l'Educació</subfield>
      <subfield code="e">author</subfield>
   </datafield>
   <datafield ind2=" " ind1=" " tag="260">
      <subfield code="c">Juny 2020</subfield>
   </datafield>
   <datafield ind2=" " ind1=" " tag="520">
      <subfield code="a">The objective of this master's dissertation is to present an innovation project in order to develop Classroom Interactional Competence (CIC) in Grade 11 EFL students. According to the students' needs and a literature review based on Classroom Interactional Competence (CIC) models, an action plan to promote CIC has been designed. CIC, which is identified as the ability to use interaction as a strategy for mediation and to increase opportunities for learning, has three different scenarios: teacher-student CIC, student- student CIC during autonomous group-work and student-student CIC in activities that include the whole class. A series of activities has been designed with this classification in mind. These activities are focused on improving the interactive construction of discourse -clarification and repetition requests, confirmation and comprehension checks, offers of help, self-repairing, co-construction of utterances- and on achieving interaction equality regarding the number or interventions and the amount of speaking time of each student while interacting in the class context.</subfield>
   </datafield>
   <datafield ind2=" " ind1=" " tag="520">
      <subfield code="a">Aquest treball de màster té com a objectiu presentar un projecte d'innovació per a desenvolupar la Competència Interactiva Escolar (CIE) dintre de l'aula d'anglès de primer de batxillerat. A partir de les necessitats de l'alumnat i d'una anàlisi literària basada en models de la Competència Interactiva Escolar (CIE), s'ha dissenyat un pla d'acció que promou la CIE. La CIE, entesa com l'habilitat d'utilitzar les interaccions com a estratègia de mediació i d'afavoriment de les oportunitats d'aprenentatge, té tres possibles escenaris: la CIE professor-estudiant, la CIE estudiant-estudiant en treball autònom en petit grup i la CIE estudiant-estudiant en activitats de grup-classe. D'acord amb aquesta classificació, s'han dissenyat activitats focalitzades tant a millorar la construcció interactiva del discurs -peticions d'aclariment i de repetició, comprovacions sobre comprensió i verificacions, oferiments d'ajuda, autocorreccions, co-construcció d'expressions- com a assolir una igualtat d'interacció respecte al nombre d'intervencions i la quantitat de temps de discurs de cada alumne a l'hora d'interactuar dintre del context de la classe.</subfield>
   </datafield>
   <datafield tag="653" ind2=" " ind1=" ">
      <subfield code="a">Educació secundària postobligatòria Catalunya</subfield>
   </datafield>
   <datafield tag="653" ind2=" " ind1=" ">
      <subfield code="a">Anglès Educació secundària postobligatòria</subfield>
   </datafield>
   <datafield tag="653" ind2=" " ind1=" ">
      <subfield code="a">Interacció didàctica</subfield>
   </datafield>
   <datafield tag="653" ind2=" " ind1=" ">
      <subfield code="a">Aprenentatge actiu</subfield>
   </datafield>
   <datafield tag="653" ind2=" " ind1=" ">
      <subfield code="a">Treball de grup en educació</subfield>
   </datafield>
   <datafield tag="653" ind2=" " ind1=" ">
      <subfield code="a">Comunicació oral Educació secundària postobligatòria Investigació</subfield>
   </datafield>
   <datafield tag="653" ind2=" " ind1=" ">
      <subfield code="a">Competència comunicativa Educació secundària postobligatòria</subfield>
   </datafield>
   <datafield tag="653" ind2=" " ind1=" ">
      <subfield code="a">Anàlisi del discurs Educació secundària postobligatòria</subfield>
   </datafield>
   <datafield tag="653" ind2=" " ind1=" ">
      <subfield code="a">Anàlisi de la conversa Educació secundària postobligatòria</subfield>
   </datafield>
   <datafield tag="653" ind2=" " ind1=" ">
      <subfield code="a">Anàlisi del diàleg Educació secundària postobligatòria</subfield>
   </datafield>
   <datafield tag="653" ind2=" " ind1=" ">
      <subfield code="a">Classroom Interactional Competence (CIC)</subfield>
   </datafield>
   <datafield tag="653" ind2=" " ind1=" ">
      <subfield code="a">Teacher-student CIC</subfield>
   </datafield>
   <datafield tag="653" ind2=" " ind1=" ">
      <subfield code="a">Student-student CIC</subfield>
   </datafield>
   <datafield tag="653" ind2=" " ind1=" ">
      <subfield code="a">Opportunities for learning</subfield>
   </datafield>
   <datafield tag="653" ind2=" " ind1=" ">
      <subfield code="a">Interactive construction of discourse</subfield>
   </datafield>
   <datafield tag="653" ind2=" " ind1=" ">
      <subfield code="a">Interaction equality</subfield>
   </datafield>
   <datafield ind2="0" ind1="0" tag="245">
      <subfield code="a">Developing Classroom Interactional Competence (CIC) : an innovation project to promote group-work and whole class interactional skills in Grade 11 EFL students</subfield>
   </datafield>
</record></metadata></record></GetRecord></OAI-PMH>